000 00617cam a2200145 4500500
005 20260208010203.0
041 _afre
042 _adc
100 1 0 _aTonolo, Sophie
_eauthor
245 0 0 _aChaulieu (abbé de) et LA Fare (marquis de), Poésies. Édition de Constance Griffejoen-Cavatorta. Paris, Classiques Garnier, 2014. Un vol. de 638 p.
260 _c2015.
500 _a27
786 0 _nRevue d'histoire littéraire de la France | 115 | 1 | 2015-01-27 | p. 191h-252h | 0035-2411
856 4 1 _uhttps://shs.cairn.info/revue-d-histoire-litteraire-de-la-france-2015-1-page-191h?lang=fr&redirect-ssocas=7080
999 _c1655486
_d1655486